000
00305nam a2200109Ia 4500
008
220204s9999 xx 000 0 und d
082
_a
541.1:57
_b
LAI
100
_a
Laidler, Keith J
245
0
_a
Physical chemistry with biological applications
260
_a
California
_b
Benjamin/Cumming
_c
1978
942
_c
BK
999
_c
33401
_d
33401